HANDBOOK OF REFRIGERATION ENGINEERING (Record no. 570303)
[ view plain ]
| 000 -LEADER | |
|---|---|
| fixed length control field | 00323nam a22001217a 4500 |
| 082 ## - DEWEY DECIMAL CLASSIFICATION NUMBER | |
| Classification number | 621.564 WOC'H |
| 100 ## - MAIN ENTRY--PERSONAL NAME | |
| Personal name | BARTLETT, LUIS H WOOLRICH, W. R |
| 9 (RLIN) | 60615 |
| 245 ## - TITLE STATEMENT | |
| Title | HANDBOOK OF REFRIGERATION ENGINEERING |
| 260 ## - PUBLICATION, DISTRIBUTION, ETC. | |
| Place of publication, distribution, etc. | NEWYORK |
| Name of publisher, distributor, etc. | D. VAN NOSTRAND |
| Date of publication, distribution, etc. | 1948 |
| 300 ## - PHYSICAL DESCRIPTION | |
| Extent | XIII, 730P |
| 650 ## - SUBJECT ADDED ENTRY--TOPICAL TERM | |
| Topical term or geographic name entry element | YO-MECH-16 |
| 9 (RLIN) | 60616 |
| 942 ## - ADDED ENTRY ELEMENTS (KOHA) | |
| Koha item type | Book |
| Withdrawn status | Lost status | Damaged status | Not for loan | Permanent Location | Current Location | Shelving location | Date acquired | Total Checkouts | Full call number | Barcode | Date last seen | Price effective from | Koha item type |
|---|---|---|---|---|---|---|---|---|---|---|---|---|---|
| College of Electrical & Mechanical Engineering (CEME) | College of Electrical & Mechanical Engineering (CEME) | General Stacks | 07/19/2017 | 621.564 WOC'H | CEME-105 | 06/28/2021 | 06/28/2021 | Book |
